000 00837nam a22002297a 4500
001 3452
003 FISKH
005 20250328114408.0
008 240306b cb ||||| |||| 00| 0 eng d
020 _a9780078750472
040 _aFISKH
_beng
_cFISKH
_dFISKH
050 _aD21.S757
082 _a900
100 _aSpielvogel, Jackson J.
245 _aJourney across time :
_bThe early ages /
_cJackson J. Spielvogel Ph. D.
260 _aOrion Place :
_bGlenco,
_c2008.
300 _a794 pages :
_bcolor illustrations ;
_c28 cm
520 _aIncorporate classroom-tested reading strategies that give your students the tools they need to become independent learners with this all-new middle school world history program--the perfect combination of story and standards!
650 _aHistory
942 _2ddc
_cBK
_n0
999 _c3452
_d3452